000 00767nam a2200241Ia 4500
003 OSt
005 20220926013401.0
006 a|||||r|||| 00| 0
007 ta
008 220923b |||||||| |||| 00| 0 eng d
037 _cGeneral Book
040 _aRTL
_cRTL
_beng
041 _2eng
_aeng
082 _aX65:(S:44), L0
100 _aJean William H
_9316888
245 0 _aAnalytical theory of finance
_b A study of the inves
260 _aNew York
_bHolt Rinehart and Winston
_c1970
300 _axiii, 206p
_ccm.
490 _aHolt, Rinehart and WInston Series in Finance. Ed by William Beranek
500 _aBibliography at the end of each chapter
942 _hX65:(S:44), L0
_cGB
_2CC
999 _c625803
_d625803